01153 2200217 4500001002100000005001500021035002000036008004100056082001300097090001900110245016300129260004400292300003500336084001900371650001400390650001600404650002200420110008100442520040100523990001100924INLIS00000000000127620260512075539 a0010-0521001276260512 g 0 dut  a991(921) a991(921) KON b1 aBijdragen tot de taal-, land-, en volkenkunde van Nederlandsch-Indie. Deel 101 /cKoninklijk Instituut voor Taal-, Land- en Volkenkunde van Nederlandsch-Indie a's-Gravenhage :bMarnitus Nijhof,c1942 axlvi, 458 p. :bill. ;c24 cm. a991(921) KON b 4aGEOGRAPHY 4aETHNOGRAPHY 4aNETHERLANDS INDIE0 aKONINKLIJK INSTITUUT VOOR TAAL-, LAND- EN VOLKENKUNDE VAN NEDERLANDSCH-INDIE aJurnal ilmiah kolonial Belanda yang berisi kajian tentang bahasa, budaya, masyarakat, sejarah, dan kondisi geografis Hindia Belanda. Terbit sejak abad ke-19, publikasi ini memuat hasil penelitian para ilmuwan, pegawai kolonial, dan orientalis mengenai berbagai wilayah di Nusantara. Topik yang dibahas meliputi bahasa daerah, adat istiadat, etnografi, sejarah lokal, hingga administrasi kolonial. aB00490